| 000 | 00659nam a22001457a 4500 | ||
|---|---|---|---|
| 008 | 110927s1959 ua|||||r|||| 00| 0 ara d | ||
| 082 |
_222 _a629.434 _bك ا م |
||
| 245 |
_aالأقمار الصناعية وبعض مايفيد منها العلم / _cمصطفى كامل |
||
| 260 |
_aالاسكندرية : _bجامعة الاسكندرية، 1959 _c1959 |
||
| 300 |
_a13 ص : _bصور : _c24 سم |
||
| 650 |
_927379 _aالأقمار الصناعية |
||
| 653 |
_bGeneral _cSeptember2011 |
||
| 942 |
_2ddc _cBB |
||
| 999 |
_c16092 _d16092 |
||